header

Collecting across cultures (Record no. 43887)

MARC details
000 -LEADER
fixed length control field 01728nam a2200409 a 4500
082 04 - DEWEY DECIMAL CLASSIFICATION NUMBER
Classification number 930.1
245 00 - TITLE STATEMENT
Title Collecting across cultures
260 ## - PUBLICATION, DISTRIBUTION, ETC. (IMPRINT)
Place of publication Philadelphia :
Name of publisher University of Pennsylvania Press,
Year of publication c2011.
300 ## - PHYSICAL DESCRIPTION
Number of Pages xvi, 361 p., [8] p. of plates :
Other physical details ill.
490 1# - SERIES STATEMENT
Series statement The early modern Americas
650 #0 - SUBJECT ADDED ENTRY--TOPICAL TERM
Topical Term Material culture
Topical Term Antiquities
Topical Term Preservation of materials.
Topical Term First contact of aboriginal peoples with Westerners
Topical Term Exchange
700 1# - ADDED ENTRY--PERSONAL NAME
Personal name Bleichmar, Daniela,
Personal name Mancall, Peter C.
856 40 - ELECTRONIC LOCATION AND ACCESS
Uniform Resource Identifier http://site.ebrary.com/lib/rucke/Doc?id=10642664

No items available.

© 2026 Rongo University
Contact us: librarian | system librarian | Rongo university